La Belle et la Bête... de Gabrielle de Villeneuve - Statistiques

Statistiques générales
  • Ce quiz a été pris 7 fois
  • Le résultat moyen est 6 sur 15
Statistiques - réponses
Question Réponse % Correct
Lorsque la Belle rentre à la maison, quel incident brouille la famille ? Les prétendants des sœurs se mettent à courtiser la Belle
86%
Qu'est-ce que la Belle demande à son père de lui ramener ? une rose
86%
La Bête propose au marchand d'échanger sa vie contre celle : de l'une de ses filles
71%
Pourquoi la sœur de la Fée est-elle punie ? Parce qu'elle a épousé un mortel
57%
Qu'est-ce que la méchante Fée essaie de faire chez le Roi de l'Île heureuse ? Le convaincre de l'épouser
43%
Pourquoi la méchante Fée a-t-elle transformé le Prince en Bête ? Parce qu'il a refusé de l'épouser
43%
Qui la Belle retrouve-t-elle dans ses rêves ? Une Fée et un Inconnu
43%
Quels sont les deux moyens pour une Fée de devenir majeure ? Atteindre l'âge de mille ans, ou se transformer en serpent
29%
Qu'arrive-t-il à la méchante Fée ? Elle est condamnée par l'assemblée des Fées
29%
Qu'est-ce qui force la famille à s'exiler à la campagne ? Leur maison brûle
29%
Combien la Belle a-t-elle de frères et sœurs (au début du conte) ? 6 frères et 5 sœurs
14%
Quel est le principal divertissement de la Belle, dans le palais de la Bête ? Aller à la comédie et l'opéra
14%
Qui tient compagnie à la Belle pendant la journée ? Des singes et des perroquets
14%
La Reine refuse d'abord que son fils épouse une roturière ; comment la Fée parvient-elle à la convaincre ? En révélant que la Belle est la cousine cachée de la Bête
14%
Lors des dîners que la Belle partage avec la Bête, qu'est-ce que la Bête lui demande ? Si elle veut coucher avec lui
14%
Aucun quiz correspondant
Distribution des résultats
% des personnes avec chaque résultat
Percentile par nombre de réponses
Votre historique - résultats
Vous n’avez pas pris ce quiz